000 00887nam a2200289Ia 4500
005 20210727153021.0
008 121119s2002 ck gr 000 j spa
020 _a9583005215
041 0 _aspa
100 1 _aDa Coll, Ivar
_d1962-
245 0 0 _aGarabato
_bhistorias de Eusebio III
_ctextos e ilustraciones de Ivar Da Coll
250 _aPrimera edición
300 _a32 páginas
_c23 cm
490 0 _aOA Infantil
650 1 4 _aAutores bogotanos
_2LEMB
650 1 4 _aAnimales
_vCuentos
_2LEMB
650 1 4 _aAutores colombianos
_2LEMB
650 1 4 _aCuentos infantiles colombianos
_2LEMB
650 1 4 _aLiteratura infantil
_2LEMB
942 _2loc
_cBK
264 _aBogotá
_bPanamericana
_c2002
336 _atexto
_btxt
_2rdacontent
337 _asin mediación
_bn
_2rdamedia
338 _avolumen
_bnc
_2rdacarrier
040 _aCO-BoRNBP
_bspa
_erda
_cCO-BoRNBP
084 _aC DAC1
999 _c921
_d921